FRP sheathed rubber wood canoes: A cost effective technology for the artisanal fisheries sector (Record no. 47925)
[ view plain ]
| 000 -LEADER | |
|---|---|
| fixed length control field | 00835nam a2200169Ia 4500 |
| 100 ## - MAIN ENTRY--AUTHOR NAME | |
| Personal name | Leela E |
| 245 #0 - TITLE STATEMENT | |
| Title | FRP sheathed rubber wood canoes: A cost effective technology for the artisanal fisheries sector |
| 260 ## - PUBLICATION, DISTRIBUTION, ETC. (IMPRINT) | |
| Name of publisher | Journal of the Timber Development Association of India |
| Year of publication | 2005 |
| 300 ## - PHYSICAL DESCRIPTION | |
| Number of Pages | Nov-17 |
| 500 ## - GENERAL NOTE | |
| General note | CAB CD 2006/01-2006/07 |
| 520 ## - SUMMARY, ETC. | |
| Summary, etc | Results are given of a study in India on reinforcing small canoes made of chromated-copper-arsenate treated rubber (Hevea brasiliensis) wood with fibreglass reinforced plastic. The main objective of the study was to provide a cost-effective material and technology to build a fishing craft for the artisan sector. |
| 650 ## - SUBJECT ADDED ENTRY--TOPICAL TERM | |
| Topical Term | Copper chrome arsenate |
| 650 ## - SUBJECT ADDED ENTRY--TOPICAL TERM | |
| Topical Term | Wood preservation |
| 700 ## - ADDED ENTRY--PERSONAL NAME | |
| Personal name | Meenakumari B |
| 942 ## - ADDED ENTRY ELEMENTS (KOHA) | |
| Koha item type | Bibliography RLWO |
| Withdrawn status | Lost status | Damaged status | Not for loan | Home library | Current library | Date acquired | Serial Enumeration / chronology | Koha item type |
|---|---|---|---|---|---|---|---|---|
| Bibliography | RRII Library | RRII Library | 31/12/2021 | Volume 51, Issue 04-Mar | Bibliography RLWO |